Score 0/30 Timer 05:00
10 Plays Today
% Correct
China
94.4%
United Kingdom
93.4%
Iraq
92.8%
Hungary
91.7%
Switzerland
90.8%
Australia
90.3%
Colombia
89.1%
Italy
86.9%
Serbia
78.5%
Vietnam
77.5%
South Africa
71.1%
Kyrgyzstan
67.1%
Libya
66.9%
Barbados
64.3%
Ireland
61.2%
% Correct
Czechia
59.1%
Portugal
58.1%
Brunei
54.1%
Canada
52.8%
Burundi
51.1%
Russia
45.2%
Indonesia
40.1%
The Gambia
39.4%
Bosnia and Herzegovina
36.5%
Moldova
32.6%
Nigeria
30.3%
Democratic Republic of the Congo
21.9%
Guinea
15.7%
Equatorial Guinea
15.6%
Algeria
15.3%
Remove Ads.
Support Sporcle.
Get the best of Sporcle when you Go Orange. This ad-free experience offers more features, more stats, and more fun while also helping to support Sporcle. Thank you for becoming a member.

You're not logged in!

Compare scores with friends on all Sporcle quizzes.
OR
Log In

Sporcle TV

Today on Sporcle TV


Watch our educational content, quiz creation guides, and fun videos on Sporcle TV.

Show Comments

Extras

Top Quizzes Today


Score Distribution

Paid Content

Your Account Isn't Verified!

In order to create a playlist on Sporcle, you need to verify the email address you used during registration. Go to your Sporcle Settings to finish the process.

Report this User

Report this user for behavior that violates our Community Guidelines.

Details: